Myška Sofi 7: Jesenný festival /
Do lesa zavítala jeseň. Ako každý rok, aj teraz zvieratká organizujú jesenný festival. Myška Sofi s kamarátmi sa dopočuli, že tento rok bude oveľa väčší a zábavnejší než kedykoľvek predtým. Sofina mamka, Lily Myšiaková, bude mať na festivale vlastný stánok s dobrotami. Sofi sa ponúkla, že jej pomôže...
Uloženo v:
| Série: | Myška Sofi,
část 7 |
|---|---|
| Hlavní autor: | |
| Médium: | E-kniha |
| Jazyk: | Czech |
| Vydáno: |
Praha :
Albatros Media Slovakia s.r.o.,
2025
|
| Příbuzné jednotky: | Z cyklu::
Myška Sofi |
| Tagy: |
Žádné tagy |
| LEADER | 01526nam a22002417i 4500 | ||
|---|---|---|---|
| 001 | 302701 | ||
| 007 | ta | ||
| 008 | 260514s2025 xr ||||| |||| 00| 0 cze d | ||
| 020 | |a 9788056648193 | ||
| 044 | |a xr | ||
| 100 | 1 | |a Greenová, Poppy |4 aut | |
| 245 | 1 | 0 | |a Myška Sofi 7: Jesenný festival / |c Greenová, Poppy |
| 240 | 1 | 0 | |a The Adventures of Sophie Mouse: The Maple Festival |
| 264 | 1 | |a Praha : |b Albatros Media Slovakia s.r.o., |c 2025 | |
| 300 | |a 1 online zdroj (128 stran) | ||
| 336 | |a text |b txt |2 rdacontent | ||
| 337 | |a bez média |b n |2 rdamedia | ||
| 338 | |a online zdroj |b cr |2 rdacarrier | ||
| 520 | 2 | |a Do lesa zavítala jeseň. Ako každý rok, aj teraz zvieratká organizujú jesenný festival. Myška Sofi s kamarátmi sa dopočuli, že tento rok bude oveľa väčší a zábavnejší než kedykoľvek predtým. Sofina mamka, Lily Myšiaková, bude mať na festivale vlastný stánok s dobrotami. Sofi sa ponúkla, že jej pomôže s pečením a mamka ju poprosila, aby spolu vymysleli úplne nové recepty. Priláka ich malý stánok zákazníkov na takom veľkom a pestrom festivale? | |
| 787 | 0 | 8 | |g 7 |i Z cyklu: |t Myška Sofi |
| 910 | |a RBIT002 | ||
| 998 | |d 426958 |a https://core.palmknihy.cz/api/books/426958/cover?tesgi2 |b https://core.palmknihy.cz/api/books/426958/cover/400?tesgi2 |c https://core.palmknihy.cz/api/books/426958/cover/50?tesgi2 |e 2030-06-16 |g 128 |i 9788056648193 |k https://core.palmknihy.cz/api/books/426958/preview.pdf |l |q 49 |r 1 |s https://www.palmknihy.cz/kniha/426958 |t ebook |y 2025 |z 1 |v Myška Sofi |w 7 | ||
| 999 | |d 302699 | ||